000 00458nam a2200205Ia 4500
003 OSt
005 20221007082539.0
006 a|||||r|||| 00| 0
007 ta
008 221006b |||||||| |||| 00| 0 eng d
024 _a7,678
037 _cTextual
040 _aFLL
_cFLL
_beng
041 _2eng
_aeng
245 0 _aIndia 1994 a refference annual
260 _c1994
300 _a998p
_ccm.
942 _cTEXL
_2CC
999 _c1166800
_d1166800